| 000 | 01110cam a22003015a 4500 | ||
|---|---|---|---|
| 001 | 16448373 | ||
| 005 | 20201128023825.0 | ||
| 008 | 100907t2010 enka frb 001 0 eng d | ||
| 020 | _a9781849965064 | ||
| 040 |
_aBTCTA _beng _cBTCTA _dYDXCP _dCDX _dOHX _dMRB _dDLC _dEG-ScBUE |
||
| 082 | 0 | 4 |
_a005.437 _222 _bMUL |
| 245 | 0 | 0 |
_aMultimedia interaction and intelligent user interfaces : _bprinciples, methods and applications / _ceditor Ling Shao... [et al.] |
| 260 |
_aLondon : _bSpringer, _cc.2010. |
||
| 300 |
_ax, 302 p. : _bill. ; _c24 cm. |
||
| 490 | 0 |
_aAdvances in pattern recognition, _x1617-7916. |
|
| 500 | _aIndex : p. 301-302. | ||
| 504 | _aIncludes bibliographical references. | ||
| 650 | 7 |
_aUser interfaces (Computer systems) _2BUEsh _92676 |
|
| 650 | 7 |
_aHuman-computer interaction. _2BUEsh _9859 |
|
| 650 | 0 |
_aInteractive multimedia. _2BUEsh |
|
| 650 | 7 |
_aPattern recognition systems. _2BUEsh _94475 |
|
| 650 | 7 |
_aArtificial intelligence. _2BUEsh _9529 |
|
| 650 | 0 |
_aAdaptive computing systems. _2BUEsh |
|
| 651 | _2BUEsh | ||
| 653 |
_bCOMAME _cSeptember2016 |
||
| 700 | 1 | _aShao, Ling | |
| 942 | _2ddc | ||
| 999 |
_c22310 _d22282 |
||